Diario mínimo /
Guardat en:
| Autor principal: | |
|---|---|
| Format: | Desconegut |
| Idioma: | Italian |
| Publicat: |
Milano :
Arnolodo Mondadori Editore,
1963.
|
| Edició: | 3. edición |
| Matèries: | |
| Etiquetes: |
Afegir etiqueta
Sense etiquetes, Sigues el primer a etiquetar aquest registre!
|
MARC
| LEADER | 000000000a22000000004500 | ||
|---|---|---|---|
| 001 | 011821 | ||
| 041 | 0 | |a ita | |
| 082 | 0 | 4 | |a 104 |b E18d |
| 100 | 1 | |a Eco, Umberto, |d 1932- | |
| 245 | 1 | 0 | |a Diario mínimo / |c Umberto Eco. |
| 250 | |a 3. edición | ||
| 260 | 1 | |a Milano : |b Arnolodo Mondadori Editore, |c 1963. | |
| 300 | |a 157 páginas | ||
| 500 | |a Material disponible en BCMA | ||
| 650 | 4 | |a FILOSOFIA | |
| 650 | 4 | |a ENSAYOS | |
| 650 | 4 | |a CONFERENCIAS | |
| 999 | |c 17849 |d 17849 | ||
| 942 | |c BK |h 104 E18d |2 z | ||
